<?xml version="1.0" encoding="UTF-8"?>
<record
    xmlns:xsi="http://www.w3.org/2001/XMLSchema-instance"
    xsi:schemaLocation="http://www.loc.gov/MARC21/slim http://www.loc.gov/standards/marcxml/schema/MARC21slim.xsd"
    xmlns="http://www.loc.gov/MARC21/slim">

  <leader>03156cam a2200337 i 4500</leader>
  <controlfield tag="001">21627842</controlfield>
  <controlfield tag="005">20240906151744.0</controlfield>
  <controlfield tag="006">m    |o  d |      </controlfield>
  <controlfield tag="007">cr |||||||||||</controlfield>
  <controlfield tag="008">200724s2021    enk     ob    001 0 eng  </controlfield>
  <datafield tag="010" ind1=" " ind2=" ">
    <subfield code="a">  2020033953</subfield>
  </datafield>
  <datafield tag="020" ind1=" " ind2=" ">
    <subfield code="a">9781315447766</subfield>
  </datafield>
  <datafield tag="020" ind1=" " ind2=" ">
    <subfield code="z">9781138213685</subfield>
  </datafield>
  <datafield tag="020" ind1=" " ind2=" ">
    <subfield code="z">9781138213692</subfield>
  </datafield>
  <datafield tag="040" ind1=" " ind2=" ">
    <subfield code="a">DLC</subfield>
    <subfield code="b">eng</subfield>
    <subfield code="c">DLC</subfield>
    <subfield code="e">rda</subfield>
    <subfield code="d">DLC</subfield>
  </datafield>
  <datafield tag="042" ind1=" " ind2=" ">
    <subfield code="a">pcc</subfield>
  </datafield>
  <datafield tag="050" ind1="0" ind2="0">
    <subfield code="a">R 726.5 .C674 2021</subfield>
  </datafield>
  <datafield tag="082" ind1="0" ind2="0">
    <subfield code="a">610.1/9</subfield>
    <subfield code="2">23</subfield>
  </datafield>
  <datafield tag="100" ind1="1" ind2=" ">
    <subfield code="a">Cook, Erica,</subfield>
    <subfield code="e">author.</subfield>
  </datafield>
  <datafield tag="245" ind1="1" ind2="0">
    <subfield code="a">Health psychology :</subfield>
    <subfield code="b">the basics /</subfield>
    <subfield code="c">Erica Cook and Lynne Wood.</subfield>
  </datafield>
  <datafield tag="300" ind1=" " ind2=" ">
    <subfield code="a">1 online resource.</subfield>
  </datafield>
  <datafield tag="504" ind1=" " ind2=" ">
    <subfield code="a">Includes bibliographical references and index.</subfield>
  </datafield>
  <datafield tag="505" ind1="0" ind2=" ">
    <subfield code="a">The development of Health Psychology -- A bio/psycho/social approach to health and wellbeing -- Attitudes, beliefs &amp; behaviour: Models of health behaviour -- Health behaviours of children &amp; adolescence -- Stress, behaviour &amp; illness -- Adjusting to chronic health conditions -- Health psychology in Health care settings.</subfield>
  </datafield>
  <datafield tag="520" ind1=" " ind2=" ">
    <subfield code="a">"This accessible primer on health psychology covers the key theories and models of the discipline. Through the use of real-life case studies and examples, it covers a broad range of topics related to the field of health psychology including; health promotion, risky health behaviour and health in healthcare settings. It explains how health psychology serves to not only promote positive health and reduce maladaptive health behaviours, but also support those who are chronically ill. Unlike medicine, health psychology takes a more holistic approach through the interaction of psychological, social and biological factors to improve health. This book outlines the inter-relationship between how we think and feel, our biological systems, and the social contexts in which we live. It discusses how belief and attitude can shape behavior, the pivotal role of stress, and how we can adjust to chronic illness. Drawing from experience, the authors answer important and common questions like how can we stop people from smoking? does stress really make us ill? Why don't people take their medication as prescribed? And how can we support people to adjust to a chronic health condition? It also provides a unique focus on children and adolescent health which considers how developmental changes impact health behaviours and subsequent health. It is an essential introductory text suitable for students, professionals and general readers interested in this important and emerging topic area. It also provides useful information for those interested in working in the field by providing an overview of what health psychologists do, where they work and the pathways available to become a registered Health Psychologist"--</subfield>
  </datafield>
  <datafield tag="650" ind1=" " ind2="0">
    <subfield code="a">Medicine and psychology.</subfield>
  </datafield>
  <datafield tag="700" ind1="1" ind2=" ">
    <subfield code="a">Wood, Lynne,</subfield>
    <subfield code="d">1969-</subfield>
    <subfield code="e">author.</subfield>
  </datafield>
  <datafield tag="776" ind1="0" ind2="8">
    <subfield code="i">Print version:</subfield>
    <subfield code="a">Cook, Erica.</subfield>
    <subfield code="t">Health psychology</subfield>
    <subfield code="d">Abingdon, Oxon ; New York, NY Routledge, Taylor &amp; Francis Group, 2021.</subfield>
    <subfield code="z">9781138213685</subfield>
    <subfield code="w">(DLC) 2020033952</subfield>
  </datafield>
  <datafield tag="906" ind1=" " ind2=" ">
    <subfield code="a">7</subfield>
    <subfield code="b">cbc</subfield>
    <subfield code="c">orignew</subfield>
    <subfield code="d">1</subfield>
    <subfield code="e">ecip</subfield>
    <subfield code="f">20</subfield>
    <subfield code="g">y-gencatlg</subfield>
  </datafield>
  <datafield tag="942" ind1=" " ind2=" ">
    <subfield code="2">lcc</subfield>
    <subfield code="c">BOOKS</subfield>
    <subfield code="h">R 726.5 .C674 2021</subfield>
  </datafield>
  <datafield tag="999" ind1=" " ind2=" ">
    <subfield code="c">32175</subfield>
    <subfield code="d">32175</subfield>
  </datafield>
  <datafield tag="952" ind1=" " ind2=" ">
    <subfield code="0">0</subfield>
    <subfield code="1">0</subfield>
    <subfield code="2">lcc</subfield>
    <subfield code="4">0</subfield>
    <subfield code="7">0</subfield>
    <subfield code="a">MUC</subfield>
    <subfield code="b">MUC</subfield>
    <subfield code="c">GEN</subfield>
    <subfield code="d">2024-08-19</subfield>
    <subfield code="e">falcon</subfield>
    <subfield code="l">0</subfield>
    <subfield code="o">R 726.5 .C674 2021</subfield>
    <subfield code="p">40018</subfield>
    <subfield code="r">2024-08-19</subfield>
    <subfield code="w">2024-08-19</subfield>
    <subfield code="y">BOOKS</subfield>
  </datafield>
</record>
